[Event "AUTO-OPEN-2601"]
[Site "http://www.queenalice.com/game.php?id=1026701"]
[Date "2012.2.5"]
[Round "1"]
[White "cmg27"]
[Black "william_1987br"]
[Result "1-0"]
[WhiteElo "1577"]
[BlackElo "1649"]

1. e4 e5 2. Nf3 Nc6 3. Nc3 Bc5 4. Be2 Nf6 5. O-O O-O 6. d3 a6 7. Bg5 d6 8. b3 b5
9. Nd5 Bd4 10. Nxd4 Nxd4 11. Bxf6 gxf6 12. Bh5 c6 13. Ne3 f5 14. exf5 Bxf5 15.
Nxf5 Nxf5 16. Qg4+ Kh8 17. Qxf5 f6 18. Rfe1 c5 19. a4 b4 20. Re4 Qe7 21. Rh4 h6
22. Qg6 Qg7 23. Qf5 d5 24. Rg4 Qh7 25. Bg6 Qe7 26. Qh5 Qg7 27. Bf5 Qe7 28. Qxh6+
Qh7 29. Qxh7# 1-0

[Event "AUTO-OPEN-2601"]
[Site "http://www.queenalice.com/game.php?id=1026720"]
[Date "2012.2.5"]
[Round "1"]
[White "sical"]
[Black "cmg27"]
[Result "1-0"]
[WhiteElo "2432"]
[BlackElo "1500"]

1. e4 e5 2. Nf3 Nc6 3. d4 Bd6 4. d5 Nce7 5. Nbd2 Nf6 6. Bd3 O-O 7. Nc4 a6 8.
Nxd6 cxd6 9. O-O Nexd5 10. exd5 e4 11. Bg5 exd3 12. Qxd3 h6 13. Bh4 g5 14. Bg3
Qe7 15. Rae1 Qd8 16. Bxd6 Re8 17. Qd4 Rxe1 18. Rxe1 b5 19. Be7 Qc7 20. Qxf6 Qxc2
21. Bd8 Bb7 22. Re8+ Kh7 23. Rh8# 1-0

[Event "AUTO-OPEN-2601"]
[Site "http://www.queenalice.com/game.php?id=1026721"]
[Date "2012.2.5"]
[Round "1"]
[White "cmg27"]
[Black "sical"]
[Result "0-1"]
[WhiteElo "1500"]
[BlackElo "2434"]

1. e4 c5 2. Nc3 Nc6 3. Bb5 Nd4 4. Nf3 Nxb5 5. Nxb5 d6 6. O-O Nf6 7. d3 e5 8. Bg5
Be7 9. b3 O-O 10. a4 Ne8 11. Qd2 f6 12. Bh4 g5 13. Bg3 f5 14. exf5 Ng7 15. Nxe5
dxe5 16. Bxe5 Bxf5 17. Qc3 Rf7 18. Rfe1 Ne6 19. Qc4 Qd7 20. Bg3 Nd4 21. Nxd4
cxd4 22. Be5 Rc8 23. Qb5 Qxb5 24. axb5 Bb4 25. Re2 Re7 26. Rxa7 Bxd3 27. cxd3
Rc1+ 28. Re1 Rxe1# 0-1

[Event "AUTO-INT-2261"]
[Site "http://www.queenalice.com/game.php?id=1034028"]
[Date "2012.2.28"]
[Round "1"]
[White "santiaguinoazul"]
[Black "cmg27"]
[Result "1-0"]
[WhiteElo "1633"]
[BlackElo "1500"]

1. e4 e5 2. Nf3 Nc6 3. Nc3 Nf6 4. Bc4 Be7 5. d4 exd4 6. Nxd4 Bb4 7. Nxc6 bxc6 8.
e5 Nd5 9. Bxd5 cxd5 10. a3 Bxc3+ 11. bxc3 O-O 12. Qxd5 Ba6 13. Qa5 Qc8 14. h4 d6
15. Bf4 Bb7 16. O-O Qg4 17. Bg3 Qe4 18. f3 Qxc2 19. exd6 cxd6 20. Bxd6 Rfd8 21.
Rac1 Qg6 22. Bc7 Rd2 23. g3 h5 24. Qg5 Qd3 25. Rce1 Qxc3 26. Ba5 Qd4+ 27. Kh1
Ra2 28. Qxh5 Rxa3 29. Re7 Bd5 30. Rfe1 Bc6 31. Qxf7+ Kh8 32. Bd2 Bxf3+ 33. Kh2
Qxd2+ 34. R1e2 Bxe2 35. Qxg7# 1-0

[Event "AUTO-INT-2261"]
[Site "http://www.queenalice.com/game.php?id=1034029"]
[Date "2012.2.28"]
[Round "1"]
[White "cmg27"]
[Black "santiaguinoazul"]
[Result "1-0"]
[WhiteElo "1517"]
[BlackElo "1692"]

1. e4 e5 2. Nf3 Nc6 3. Nc3 Nf6 4. Be2 d5 5. exd5 Nxd5 6. O-O e4 7. Nxe4 Bf5 8.
d3 Bd6 9. c4 Bxe4 10. dxe4 Nf4 11. Qb3 Nxe2+ 12. Kh1 Ncd4 13. Nxd4 Nxd4 14. Qxb7
O-O 15. Be3 Rb8 16. Qxa7 Nc6 17. Qa4 Ne5 18. c5 Be7 19. Rad1 Qe8 20. Qd4 Nc6 21.
Qa4 Rxb2 22. Rd2 Rxd2 23. Bxd2 Bxc5 24. h3 f5 25. Re1 Bxf2 26. Rc1 Rf6 27. Bg5
Rg6 28. Bd2 fxe4 29. Rf1 e3 30. Bxe3 Qxe3 31. Qc4+ Kh8 32. Qf7 h5 33. Qxg6 Ne5
34. Qxh5+ Kg8 35. Rb1 Nd7 36. Qd5+ Kh7 37. Qxd7 Qf4 38. Qd3+ Kh6 39. Rf1 g5 40.
Qe2 c5 41. Rxf2 Qc1+ 42. Kh2 Qc3 43. Qe6+ Kh5 44. g4+ 1-0

[Event "AUTO-INT-2261"]
[Site "http://www.queenalice.com/game.php?id=1034042"]
[Date "2012.2.28"]
[Round "1"]
[White "cmg27"]
[Black "jocapeme"]
[Result "1-0"]
[WhiteElo "1611"]
[BlackElo "1623"]

1. e4 e5 2. Nf3 Nc6 3. Nc3 Nf6 4. Be2 Bc5 5. O-O O-O 6. d3 Nd4 7. b3 Re8 8. Bg5
h6 9. Bh4 d6 10. Nd5 g5 11. Bxg5 hxg5 12. Qd2 c6 13. Nc3 Qa5 14. a3 Nxe2+ 15.
Qxe2 Qxc3 16. Nxg5 Bg4 17. Qe1 Qxc2 18. b4 Bd4 19. Rc1 Qxd3 20. a4 Rac8 21. Kh1
Kg7 22. f3 Bd7 23. Qg3 Nh5 24. Qh4 Rh8 25. b5 Nf4 26. Qg3 Nh5 27. Ne6+ Kh7 28.
Ng5+ Kg8 29. Qe1 Ng3+ 30. Qxg3 Kf8 31. Rcd1 Qc4 32. bxc6 Rxc6 33. a5 Rg8 34. Qh4
Rg7 35. Nh7+ Ke8 36. Nf6+ Kd8 37. Nd5+ Kc8 38. Qh8+ Be8 39. Qxe8# 1-0

[Event "AUTO-INT-2261"]
[Site "http://www.queenalice.com/game.php?id=1034043"]
[Date "2012.2.28"]
[Round "1"]
[White "jocapeme"]
[Black "cmg27"]
[Result "0-1"]
[WhiteElo "1595"]
[BlackElo "1573"]

1. e4 e5 2. Nf3 Nc6 3. c3 Nf6 4. d3 Be7 5. Bg5 O-O 6. Be2 h6 7. Be3 d6 8. d4
exd4 9. cxd4 Nxe4 10. O-O a5 11. Nc3 d5 12. Qb3 Nxc3 13. bxc3 Bg4 14. Rfd1 b6
15. c4 a4 16. Qb5 Qd7 17. cxd5 Ra5 18. dxc6 Qd6 19. h3 Rxb5 20. Bxb5 Bxf3 21.
Rd2 Qg6 22. g3 Bh4 23. Kh2 Re8 24. Rg1 Bg5 25. Re1 Bxe3 26. Rd3 Qg5 27. fxe3
Qxb5 28. Rd2 Qxc6 29. d5 Qc3 0-1

[Event "AUTO-INT-2261"]
[Site "http://www.queenalice.com/game.php?id=1034044"]
[Date "2012.2.28"]
[Round "1"]
[White "cmg27"]
[Black "leking"]
[Result "0-1"]
[WhiteElo "1608"]
[BlackElo "1613"]

1. e4 e5 2. Nf3 Nc6 3. Nc3 Nf6 4. Be2 Be7 5. O-O d6 6. d3 Be6 7. Be3 Ng4 8. h3
Nxe3 9. fxe3 O-O 10. b3 a6 11. Nd5 Bxd5 12. exd5 Nb4 13. e4 Bf6 14. Qd2 a5 15.
a4 c6 16. dxc6 Qb6+ 17. Kh1 bxc6 18. c4 c5 19. Nh2 Nc6 20. Ng4 Qd8 21. Nxf6+
gxf6 22. Qh6 Ne7 23. Rxf6 Ng6 24. Bh5 Qxf6 25. Kg1 Qg7 26. Qg5 f6 27. Qg3 Rab8
28. Rb1 Rb7 29. Qg4 Nf4 30. Qxg7+ Rxg7 31. Bg4 Nxd3 32. Rd1 Nf4 33. Rxd6 h5 34.
Bf3 Nxh3+ 35. Kf1 Ng5 36. Bxh5 Nxe4 37. Rd5 Ng3+ 38. Kf2 Nxh5 39. Rxc5 Ra8 40.
Kf3 Nf4 41. g3 Nd3 42. Rc6 f5 43. Rf6 e4+ 44. Kg2 Rf7 45. Rb6 Kg7 0-1

[Event "AUTO-INT-2261"]
[Site "http://www.queenalice.com/game.php?id=1034045"]
[Date "2012.2.28"]
[Round "1"]
[White "leking"]
[Black "cmg27"]
[Result "1-0"]
[WhiteElo "1574"]
[BlackElo "1613"]

1. e4 e5 2. Nf3 Nc6 3. Nc3 Nf6 4. d4 exd4 5. Nxd4 Nxd4 6. Qxd4 d6 7. Bg5 Be7 8.
O-O-O O-O 9. Be2 h6 10. Bf4 Bg4 11. f3 Be6 12. g4 c5 13. Qd2 g5 14. Bg3 a6 15.
Nd5 Nxd5 16. exd5 Bd7 17. Rhe1 Bf6 18. Bxd6 Bxb2+ 19. Kxb2 Qb6+ 20. Kc1 Qxd6 21.
Bc4 Qf4 22. Qxf4 gxf4 23. d6 b5 24. Bd5 Rae8 25. Kb2 Re3 26. Rg1 b4 27. Rg2 a5
28. g5 h5 29. g6 a4 30. gxf7+ Kh7 31. Rg5 Kh6 32. Rdg1 Bg4 33. fxg4 Kxg5 34.
gxh5+ Kxh5 35. Rf1 Kh6 36. Rxf4 a3+ 37. Kc1 Kg5 38. Rc4 Rc3 39. Re4 Kf5 40. Re8
Rxf7 41. Bxf7 Rh3 42. Be6+ 1-0

[Event "Challenge"]
[Site "http://www.queenalice.com/game.php?id=1044522"]
[Date "2012.3.31"]
[Round "-"]
[White "leking"]
[Black "cmg27"]
[Result "0-1"]
[WhiteElo "1727"]
[BlackElo "1617"]

1. e4 e5 2. Nf3 Nc6 3. d4 Bd6 4. d5 Nce7 5. Nc3 Nf6 6. Bg5 Ng6 7. Be2 O-O 8. Qd2
c6 9. dxc6 dxc6 10. O-O-O Be7 11. Bd3 h6 12. Bxf6 Bxf6 13. Bc4 Qxd2+ 14. Rxd2
Bg4 15. Rhd1 Bxf3 16. gxf3 Bg5 17. Ne2 Bxd2+ 18. Rxd2 Nh4 19. Rd3 Rad8 20. Ng1
b5 21. Bb3 Rxd3 22. cxd3 Ng2 23. Kd2 Rd8 24. Bc2 a5 25. Ne2 c5 26. Ng3 c4 27.
Nf1 cxd3 28. Bd1 Nf4 29. Ne3 a4 30. a3 Nh3 31. Ng4 f6 32. Ke3 h5 33. Nxf6+ gxf6
34. f4 Nxf4 0-1

[Event "Challenge"]
[Site "http://www.queenalice.com/game.php?id=1044523"]
[Date "2012.3.31"]
[Round "-"]
[White "cmg27"]
[Black "leking"]
[Result "0-1"]
[WhiteElo "1639"]
[BlackElo "1688"]

1. e4 e5 2. Nf3 Nc6 3. Nc3 Nf6 4. Be2 d5 5. exd5 Nxd5 6. O-O Bb4 7. Nxd5 Qxd5 8.
b3 O-O 9. Ng5 Be7 10. d3 Bxg5 11. Bxg5 e4 12. c4 Qxg5 13. dxe4 Rd8 14. Qc2 Nd4
15. Qd3 Be6 16. Qc3 Nxe2+ 17. Kh1 Nxc3 18. g3 Nxe4 19. f4 Qg4 20. Rae1 Nd2 21.
Rf2 Rd4 22. Re5 Ne4 23. Rf1 Rad8 24. f5 Rd1 25. Kg2 R8d2+ 26. Rf2 Nxf2 0-1

[Event "AUTO-ADV-2470"]
[Site "http://www.queenalice.com/game.php?id=1048391"]
[Date "2012.4.12"]
[Round "1"]
[White "cmg27"]
[Black "Lopesq"]
[Result "0-1"]
[WhiteElo "1625"]
[BlackElo "1717"]

1. e4 c5 2. Nc3 Nc6 3. Nf3 e6 4. Be2 Be7 5. O-O d6 6. Bb5 a6 7. Ba4 b5 8. Bxb5
axb5 9. Nxb5 Nf6 10. d3 O-O 11. h3 Ba6 12. Nc3 Nb4 13. a3 Nc6 14. Bg5 Qb6 15.
Na4 Qb8 16. c4 h6 17. Bh4 Nd4 18. Nxd4 cxd4 19. b4 e5 20. b5 Bc8 21. Ra2 Be6 22.
Bxf6 Bxf6 23. f4 exf4 0-1

[Event "AUTO-ADV-2470"]
[Site "http://www.queenalice.com/game.php?id=1048392"]
[Date "2012.4.12"]
[Round "1"]
[White "Lopesq"]
[Black "cmg27"]
[Result "1-0"]
[WhiteElo "1729"]
[BlackElo "1609"]

1. d4 d5 2. c3 Nf6 3. Nf3 e6 4. Bg5 Be7 5. Nbd2 O-O 6. e3 Nc6 7. Be2 h6 8. Bh4
b6 9. Bb5 Bd7 10. Bxc6 Bxc6 11. Ne5 Bb7 12. O-O g5 13. Bg3 Ba6 14. Re1 Bd6 15.
Nc6 Qd7 16. Ne5 Bxe5 17. Bxe5 Qe7 18. Qf3 Nd7 19. Bxc7 Rfc8 20. Bg3 Bd3 21. Qh5
Qf6 22. Nf3 Be4 23. Ne5 Nxe5 24. Bxe5 1-0

[Event "AUTO-ADV-2470"]
[Site "http://www.queenalice.com/game.php?id=1048393"]
[Date "2012.4.12"]
[Round "1"]
[White "cmg27"]
[Black "elisangela"]
[Result "0-1"]
[WhiteElo "1573"]
[BlackElo "1872"]

1. e4 e6 2. Nf3 h6 3. Be2 g5 4. O-O Bg7 5. d3 b6 6. Nc3 Bxc3 7. bxc3 Bb7 8. Bb2
f6 9. h3 c5 10. Nh2 Nc6 11. Bh5+ Ke7 12. c4 e5 13. Ng4 Qf8 14. Qf3 a6 15. Ba3
Nd4 0-1

[Event "AUTO-ADV-2470"]
[Site "http://www.queenalice.com/game.php?id=1048394"]
[Date "2012.4.12"]
[Round "1"]
[White "elisangela"]
[Black "cmg27"]
[Result "1-0"]
[WhiteElo "1868"]
[BlackElo "1579"]

1. e3 e5 2. a3 Nf6 3. c3 Be7 4. g3 O-O 5. Bg2 d6 6. h3 Nc6 7. Bxc6 bxc6 8. b4
Ba6 9. Ne2 c5 10. d4 exd4 11. cxd4 cxd4 12. Qxd4 h6 13. a4 Bxe2 14. Kxe2 Rb8 15.
b5 Qd7 16. Qxa7 1-0